| 000 | 00839nam a22002057a 4500 | ||
|---|---|---|---|
| 005 | 2010072905555.0 | ||
| 010 | _aENG-97317 | ||
| 020 |
_a9788184501940 _c1800.00 |
||
| 035 | _aEN-80850 | ||
| 037 | _bDBAD/PUB | ||
| 082 | _a362.10954 | ||
| 100 |
_aGoel, S.L. _92365 |
||
| 245 |
_aEmerging and thrust areas of health care system and hospital administration : _bhealth care system and hospital administration -4 / _cby S.L. Goel |
||
| 260 |
_aNew Delhi _bDeep & Deep Publications _c2010 |
||
| 270 |
_aF-159, Rajouri Garden, _bNew Delhi _e110027 |
||
| 300 |
_axi, 407p.: _bill. _c25cm, (Hb) |
||
| 500 | _aincludes bibliography and index | ||
| 942 |
_2ddc _cEN _h362.10954 _mGOE |
||
| 999 |
_c38168 _d38168 |
||